Sports Quiz

Random Sports Quiz

UFC Headliners from 189-213 Quiz Stats

Quiz not verified by Sporcle

Also try: NBA Champions
Challenge
Share
Tweet
Embed
Score 0/25 Timer 05:00
0 Plays Today
Event Headliners % Correct
UFC 194Jose Aldo vs Conor McGregor
97.3%
UFC 196Conor McGregor vs Nate Diaz
97%
UFC 202Conor McGregor vs Nate Diaz 2
96.8%
UFC 189 Conor McGregor vs Chad Mendes
96.5%
UFC 205Eddie Alvarez vs Conor McGregor
95.6%
UFC 207Amanda Nunes vs Ronda Rousey
89.6%
UFC 212Jose Aldo vs Max Holloway
88.9%
UFC 193Ronda Rousey vs Holly Holm
87.7%
UFC 210Daniel Cormier vs Anthony Johnson 2
87.1%
UFC 200Miesha Tate vs Amanda Nunes
80.5%
UFC 199Luke Rockhold vs Michael Bisping 2
78.4%
UFC 192Daniel Cormier vs Alexander Gustafsson
78.2%
UFC 201Robbie Lawler vs Tyron Woodley
78%
Event Headliners % Correct
UFC 204Michael Bisping vs Dan Henderson 2
77%
UFC 198Fabricio Werdum vs Stipe Miocic
75%
UFC 211Stipe Miocic vs Junior dos Santos 2
74.8%
UFC 203Stipe Miocic vs Alistair Overeem
74.7%
UFC 209Tyron Woodley vs Stephen Thompson 2
73%
UFC 197Jon Jones vs Ovince Saint Preux
71.1%
UFC 213Amanda Nunes vs Valentina Shevchenko 2
69.8%
UFC 208Holly Holm vs Germaine de Randamie
69.1%
UFC 191Demetrious Johnson vs John Dodson 2
66.6%
UFC 206Max Holloway vs Anthony Pettis
62.7%
UFC 195Robbie Lawler vs Carlos Condit
42%
UFC 190Ronda Rousey vs Bethe Correira
16.6%

You're not logged in!

Compare scores with friends on all Sporcle quizzes.
Sign Up with Email
OR
Log In

You Might Also Like...

Show Comments

Extras

Top Quizzes Today


Score Distribution

Your Account Isn't Verified!

In order to create a playlist on Sporcle, you need to verify the email address you used during registration. Go to your Sporcle Settings to finish the process.